| 000 | 00454nam a22001457a 4500 | ||
|---|---|---|---|
| 005 | 20250323165222.0 | ||
| 008 | 250323b |||||||| |||| 00| 0 eng d | ||
| 020 | _a9789556595598 | ||
| 082 |
_222 _a920 _bTAM |
||
| 245 |
_aTamil Mahal _bMangalamal maasilaamani |
||
| 260 |
_aChennai _bKumaran Book House _c2017 |
||
| 300 | _a44 p ., | ||
| 500 | _aThirumathi mangalamaalin varalaaru, yalppana samugathil pengalukake avar seitha pani patriya aayvu | ||
| 942 | _cL | ||
| 999 |
_c6003 _d6003 |
||